LEADER 01449nam 2200361 n 450 001 996385086803316 005 20221108084010.0 035 $a(CKB)4940000000068981 035 $a(EEBO)2248520538 035 $a(UnM)99848870 035 $a(EXLCZ)994940000000068981 100 $a19920121d1638 uy | 101 0 $aeng 135 $aurbn||||a|bb| 200 02$aA vvorthy communicant: or, A treatise, shewing the due order of receiving the sacrament of the Lords Supper. By Ier. Dyke, minister of Epping, in Essex$b[electronic resource] 210 $aLondon $cPrinted by R. Bishop for R. Dawlman, and L. Fawne, at the Brazen Serpent in S. Pauls Church-yard$d1638 215 $a[16], 573, [3] p 300 $aLast leaf blank?. 300 $aReproduction of the original in the Union Theological Seminary (New York, N.Y.). Library. 330 $aeebo-0160 606 $aLord's Supper$xChurch of England$vEarly works to 1800 606 $aChristian life$vEarly works to 1800 615 0$aLord's Supper$xChurch of England 615 0$aChristian life 700 $aDyke$b Jeremiah$f1584-1639.$01001094 801 0$bCu-RivES 801 1$bCu-RivES 801 2$bCStRLIN 801 2$bWaOLN 906 $aBOOK 912 $a996385086803316 996 $aA vvorthy communicant: or, A treatise, shewing the due order of receiving the sacrament of the Lords Supper. By Ier. Dyke, minister of Epping, in Essex$92318960 997 $aUNISA LEADER 01366nam0 22003251i 450 001 UON00019266 005 20231205102010.516 010 $a88-11-66610-4 100 $a20020107d1989 |0itac50 ba 101 $aita 102 $aIT 105 $a|||| 1|||| 200 1 $aFigure intercambiabili$fWang Meng$ga cura di Vilma Costantini 210 $aMilano$cGarzanti$d1989 215 $a419 p.$d22 cm 410 1$1001UON00019480$12001 $aNarratori Moderni$1210 $aMilano$cGarzanti$d19..- 500 1$3UON00353761$aHuodong bian ren xing / Wang Meng$930608 606 $aLETTERATURA CINESE$xNARRATIVA$xSEC. XX$xTRADUZIONI$3UONC005943$2FI 620 $aIT$dMilano$3UONL000005 686 $aCIN VI BA$cCina - Letteratura moderna e contemporanea - Testi$2A 700 0$aWANG Meng$3UONV003537$0636116 702 1$aCOSTANTINI$bVilma$3UONV008842 712 $aGarzanti$3UONV245790$4650 801 $aIT$bSOL$c20250620$gRICA 899 $aSIBA - SISTEMA BIBLIOTECARIO DI ATENEO$2UONSI 912 $aUON00019266 950 $aSIBA - SISTEMA BIBLIOTECARIO DI ATENEO$dSI CIN VI BA 350 $eSI SA 62189 5 350 966 $aLETTERATURA PUNJABI - POESIA E TEATRO$yLETTERATURA CINESE - NARRATIVA - SEC. XX - TRADUZIONI$3UONC006913 996 $aHuodong bian ren xing$930608 997 $aUNIOR